000 00206 a2200097 4500
001 14554
100 _aBryaut A
245 _aThe years of endurance
260 _aLondon
_bCollins
_c
090 _c11383
_d11383
942 _aNUST-CAE
_cM
_c1540
999 _c249627
_d249627